[Event "Michigan Class A/B Championship"]
[Site "Kalamazoo, Mich."]
[Date "1980.06.14"]
[Round "1"]
[White "Geno, Ron"]
[Black "Moody, David"]
[Result "1-0"]
[WhiteElo "1651"]
[BlackElo "1769"]
[PlyCount "79"]
[EventDate "1980.06.14"]

1. e4 e5 2. Bc4 Nf6 3. d3 Nc6 4. a3 Bc5 5. Nf3 d6 6. h3 h6 7. Nc3 Be6 8. Bxe6
fxe6 9. Na4 Bb6 10. Nxb6 axb6 11. O-O Qe7 12. Re1 O-O-O 13. b4 g5 14. g4 Nd4
15. Nxd4 exd4 16. e5 Nd5 17. Bd2 Rdf8 18. Qe2 Kd7 19. exd6 Qxd6 20. Qe5 Qxe5
21. Rxe5 Kd6 22. Rae1 Ne3 23. Re4 Nxc2 24. Rxe6+ Kd7 25. Re7+ Kd8 26. R1e4 Nxa3
27. R7e5 Nc2 28. Rd5+ Kc8 29. Kg2 Re8 30. f3 Rhf8 31. Rde5 Rxe5 32. Rxe5 Kd7
33. Kg3 Re8 34. Rxe8 Kxe8 35. f4 c5 36. bxc5 bxc5 37. fxg5 hxg5 38. Bxg5 b5 39.
Kf3 b4 40. Ke2 1-0

[Event "Michigan Class A/B Championship"]
[Site "Kalamazoo, Mich."]
[Date "1980.06.15"]
[Round "4"]
[White "Jackson, James"]
[Black "Moody, David"]
[Result "0-1"]
[WhiteElo "1724"]
[BlackElo "1769"]
[PlyCount "104"]
[EventDate "1980.06.14"]

1. c4 Nf6 2. Nc3 e5 3. g3 Bc5 4. Bg2 d6 5. d3 Nc6 6. Nf3 Be6 7. O-O Qd7 8. Re1
Bh3 9. Bh1 h5 10. e3 O-O-O 11. d4 Bb4 12. dxe5 Nxe5 13. Nxe5 dxe5 14. Qxd7+
Rxd7 15. a3 Bxc3 16. bxc3 Rhd8 17. e4 Rd3 18. Bg5 Rxc3 19. Bxf6 gxf6 20. Rec1
Rdd3 21. a4 Rxc1+ 22. Rxc1 Ra3 23. Bg2 Bxg2 24. Kxg2 Rxa4 25. Kh3 Ra2 26. f3
Rf2 27. Rc3 Kd7 28. g4 h4 29. Kxh4 Rxh2+ 30. Kg3 Rb2 31. Rd3+ Ke7 32. f4 a5 33.
f5 a4 34. Kh4 Rb3 35. Rd1 a3 36. Ra1 Kd6 37. Rd1+ Kc5 38. Rd7 a2 39. Rxc7+ Kb6
40. Rxf7 a1=Q 41. Rxf6+ Kc5 42. Re6 Qd4 43. Kg5 Qxe4 44. Rg6 Qf4+ 45. Kf6 Rb6+
46. Kf7 Rxg6 47. Kxg6 Qxg4+ 48. Kf6 e4 49. Ke5 e3 50. f6 e2 51. f7 e1=R+ 52.
Kf6 Re6# 0-1

[Event "10th UMD Open"]
[Site "Dearborn, Mich."]
[Date "1980.06.28"]
[Round "1"]
[White "Triplett, Thomas"]
[Black "Moody, David"]
[Result "0-1"]
[WhiteElo "1493"]
[BlackElo "1826"]
[PlyCount "80"]
[EventDate "1980.06.28"]

1. e4 e5 2. Nf3 Nc6 3. Bb5 a6 4. Bxc6 dxc6 5. O-O Qd6 6. d4 exd4 7. Qxd4 Qxd4
8. Nxd4 c5 9. Ne2 Bd7 10. Bg5 f6 11. Bf4 O-O-O 12. Nd2 Ne7 13. Nc3 Ng6 14. Be3
b5 15. Nd5 Bc6 16. Nf4 Nxf4 17. Bxf4 Bd6 18. Bxd6 cxd6 19. f3 c4 20. Rfe1 Rhe8
21. c3 d5 22. exd5 Bxd5 23. Rxe8 Rxe8 24. Kf2 Kc7 25. Re1 Rxe1 26. Kxe1 Kb6 27.
Ke2 Kc5 28. a3 Kd6 29. Ke3 Ke5 30. Nf1 g5 31. g3 h5 32. h4 Be6 33. Nd2 Bf5 34.
Ne4 Bxe4 35. fxe4 g4 36. Ke2 Kxe4 37. Kf2 Kd3 38. Kg2 Ke2 39. Kg1 Kf3 40. Kh2
Kf2 0-1

[Event "10th UMD Open"]
[Site "Dearborn, Mich."]
[Date "1980.06.28"]
[Round "2"]
[White "Moody, David"]
[Black "Steury, Mark"]
[Result "1/2-1/2"]
[WhiteElo "1826"]
[BlackElo "1594"]
[PlyCount "39"]
[EventDate "1980.06.28"]

1. e4 e6 2. d4 d5 3. Nc3 Bb4 4. Bd2 dxe4 5. Qg4 Qxd4 6. Nf3 Nh6 7. Qxe6+ Bxe6
8. Nxd4 Bd7 9. Nxe4 Bxd2+ 10. Nxd2 Nc6 11. Nxc6 Bxc6 12. O-O-O O-O-O 13. Bc4
Ng4 14. Rde1 Rd7 15. f3 Nf6 16. Nb3 b6 17. Rd1 Rhd8 18. Rxd7 Rxd7 19. Rd1 Bd5
20. Bxd5 1/2-1/2

[Event "10th UMD Open"]
[Site "Dearborn, Mich."]
[Date "1980.06.28"]
[Round "3"]
[White "Finegold, Mark"]
[Black "Moody, David"]
[Result "1-0"]
[WhiteElo "1744"]
[BlackElo "1826"]
[PlyCount "43"]
[EventDate "1980.06.28"]

1. c4 Nf6 2. Nc3 e5 3. g3 Bc5 4. e3 Nc6 5. Bg2 d6 6. Nge2 Be6 7. d4 Bxc4 8.
dxc5 dxc5 9. Bxc6+ bxc6 10. Qxd8+ Rxd8 11. b3 Ba6 12. Ba3 c4 13. b4 Bb5 14. O-O
O-O 15. Rfd1 Rd3 16. Nxb5 cxb5 17. Rxd3 cxd3 18. Nc3 c6 19. Rd1 Rd8 20. f3 d2
21. Bb2 Kf8 22. Kf2 1-0

[Event "10th UMD Open"]
[Site "Dearborn, Mich."]
[Date "1980.06.29"]
[Round "4"]
[White "Beydoun, Nassar"]
[Black "Moody, David"]
[Result "1-0"]
[WhiteElo "1541"]
[BlackElo "1826"]
[PlyCount "57"]
[EventDate "1980.06.28"]

1. e4 e5 2. Nf3 Nc6 3. Bb5 a6 4. Ba4 Nf6 5. O-O Be7 6. Re1 b5 7. Bb3 O-O 8. c3
d5 9. exd5 Nxd5 10. Nxe5 Nxe5 11. Rxe5 c6 12. Bxd5 cxd5 13. d4 Bd6 14. Re1 Qh4
15. g3 Qh3 16. Qf3 Be6 17. Be3 f5 18. Bf4 Bxf4 19. Rxe6 Rae8 20. Qxd5 Rxe6 21.
Qxe6+ Rf7 22. Na3 Kf8 23. Qc8+ Ke7 24. Re1+ Kd6 25. Qe6+ Kc7 26. Qxf7+ Kb6 27.
Re6+ Ka5 28. b4+ Ka4 29. Rxa6# 1-0

[Event "7th UMD Championship"]
[Site "Dearborn, Mich."]
[Date "1980.07.19"]
[Round "5"]
[White "Moody, David"]
[Black "Jackson, James"]
[Result "1/2-1/2"]
[WhiteElo "1826"]
[BlackElo "1752"]
[PlyCount "60"]
[EventDate "1980.07.19"]

1. Nf3 Nf6 2. g3 g6 3. Bg2 Bg7 4. O-O O-O 5. d3 c5 6. c4 d6 7. Nc3 Nc6 8. e3
Bd7 9. Rb1 Rc8 10. b3 a6 11. d4 cxd4 12. exd4 Qc7 13. Bb2 Bf5 14. Rc1 Nb4 15.
Nh4 Nd3 16. Nxf5 Nxb2 17. Qe2 gxf5 18. Qxb2 e6 19. Qe2 Rfd8 20. Qf3 b6 21. d5
Ng4 22. dxe6 fxe6 23. Qb7 Bd4 24. h3 Nxf2 25. Qxc7 Nd3+ 26. Kh2 Rxc7 27. Nd5
exd5 28. Bxd5+ Kg7 29. Rcd1 Be5 30. Rxd3 Rf8 1/2-1/2

[Event "7th UMD Championship"]
[Site "Dearborn, Mich."]
[Date "1980.07.19"]
[Round "3"]
[White "Moody, David"]
[Black "Fricko, Frank"]
[Result "0-1"]
[WhiteElo "1826"]
[BlackElo "1800"]
[PlyCount "89"]
[EventDate "1980.07.19"]

1. e4 e6 2. d4 d5 3. Be3 dxe4 4. Nd2 Nf6 5. c3 Be7 6. Qc2 Nd5 7. Qxe4 Nxe3 8.
fxe3 Qd5 9. Qc2 Bh4+ 10. g3 Bxg3+ 11. Kd1 Bh4 12. e4 Qd8 13. Ngf3 Be7 14. Bd3
Nd7 15. Nc4 b6 16. Nce5 Nxe5 17. Nxe5 Bb7 18. Bb5+ Kf8 19. Rf1 f6 20. Qe2 Kg8
21. Qh5 Qf8 22. Bc4 Bc8 23. Qg4 g6 24. Bxe6+ Kg7 25. h4 Qe8 26. Bxc8 Qxc8 27.
Qf4 Qe6 28. Ng4 Rhf8 29. Kc2 Bd6 30. e5 fxe5 31. Qh6+ Kg8 32. Nxe5 Bxe5 33.
Rxf8+ Rxf8 34. dxe5 Qxe5 35. Rd1 Rf2+ 36. Kb1 Qe4+ 37. Ka1 Qe7 38. a3 Re2 39.
Qf4 Re4 40. Rd8+ Kg7 41. Qd2 Re1+ 42. Ka2 Qe6+ 43. Rd5 c6 44. Qd4+ Kg8 45. c4
0-1

[Event "7th UMD Championship"]
[Site "Dearborn, Mich."]
[Date "1980.07.19"]
[Round "1"]
[White "Groeller, William"]
[Black "Moody, David"]
[Result "1/2-1/2"]
[WhiteElo "1850"]
[BlackElo "1826"]
[PlyCount "53"]
[EventDate "1980.07.19"]

1. e4 e5 2. Nf3 Nc6 3. Bb5 a6 4. Ba4 Nf6 5. O-O Be7 6. Re1 b5 7. Bb3 O-O 8. c3
d5 9. exd5 Nxd5 10. a4 b4 11. Nxe5 Nxe5 12. Rxe5 c6 13. d4 Bd6 14. Re1 Qh4 15.
g3 Qh3 16. Be3 Bg4 17. Qd3 Rae8 18. Nd2 Re6 19. Bxd5 cxd5 20. Qf1 Qh5 21. Qg2
Rfe8 22. c4 Bf4 23. cxd5 Rxe3 24. fxe3 Bxe3+ 25. Kh1 Kf8 26. Rac1 Bh3 27. Qf3
1/2-1/2

[Event "11th UMD Open"]
[Site "Dearborn, Mich."]
[Date "1980.07.26"]
[Round "2"]
[White "Williams, Nathaniel"]
[Black "Moody, David"]
[Result "0-1"]
[WhiteElo "1559"]
[BlackElo "1826"]
[PlyCount "46"]
[EventDate "1980.07.26"]

1. e4 e5 2. Nf3 Nc6 3. Bb5 a6 4. Ba4 Nf6 5. O-O Be7 6. Re1 b5 7. Bb3 O-O 8. c3
d5 9. d4 dxe4 10. dxe5 Ng4 11. Nd4 Ncxe5 12. Rxe4 c5 13. Nf3 Nd3 14. Rxe7 Qxe7
15. Qxd3 c4 16. Bg5 Qxg5 17. Nxg5 cxd3 18. Nd2 h6 19. Ngf3 Re8 20. h3 Ne5 21.
Nd4 Bb7 22. Rd1 Rad8 23. Re1 Nc4 0-1

[Event "11th UMD Open"]
[Site "Dearborn, Mich."]
[Date "1980.07.26"]
[Round "3"]
[White "Moody, David"]
[Black "Sullivan, Richard"]
[Result "1-0"]
[WhiteElo "1826"]
[BlackElo "1586"]
[PlyCount "47"]
[EventDate "1980.07.26"]

1. e4 e5 2. Nf3 Nc6 3. d4 exd4 4. Bc4 Nf6 5. O-O d6 6. Ng5 Ne5 7. Bb3 h6 8. Nf3
Bg4 9. Bf4 Qd7 10. Bxe5 dxe5 11. Nxe5 Bxd1 12. Nxd7 Nxd7 13. Rxd1 Bc5 14. c3
dxc3 15. Nxc3 O-O-O 16. Rac1 f6 17. Be6 Rhe8 18. Bf5 c6 19. Nb5 Re5 20. Nd6+
Bxd6 21. Rxd6 g6 22. Bxg6 Nc5 23. Rxd8+ Kxd8 24. f4 1-0

[Event "11th UMD Open"]
[Site "Dearborn, Mich."]
[Date "1980.07.26"]
[Round "1"]
[White "Moody, David"]
[Black "Ferguson, Vance"]
[Result "0-1"]
[WhiteElo "1826"]
[BlackElo "1539"]
[PlyCount "36"]
[EventDate "1980.07.26"]

1. e4 c5 2. Nf3 d6 3. d4 cxd4 4. Nxd4 Nf6 5. Nc3 a6 6. Bg5 e6 7. f4 Be7 8. Qf3
Nbd7 9. O-O-O O-O 10. g4 Qc7 11. Rg1 b5 12. Bxf6 Bxf6 13. g5 Bxd4 14. Rxd4 Qc5
15. Qd1 e5 16. Nd5 Qxd4 17. Nf6+ Nxf6 18. Bd3 Nxe4 0-1

[Event "11th UMD Open"]
[Site "Dearborn, Mich."]
[Date "1980.07.27"]
[Round "5"]
[White "Pinto, Mark"]
[Black "Moody, David"]
[Result "0-1"]
[WhiteElo "2050"]
[BlackElo "1826"]
[PlyCount "92"]
[EventDate "1980.07.26"]

1. d4 Nf6 2. c4 c5 3. d5 e6 4. Nc3 exd5 5. cxd5 d6 6. e4 g6 7. Nf3 Bg7 8. Nd2
Nbd7 9. Be2 O-O 10. O-O a6 11. a4 Re8 12. f4 Qe7 13. Kh1 Rb8 14. Ra3 b6 15. Bd3
c4 16. Nxc4 Nc5 17. b4 Nxd3 18. Qxd3 b5 19. axb5 axb5 20. Nd2 Bd7 21. Ra7 Rec8
22. Bb2 Qd8 23. h3 Nh5 24. Nd1 Ra8 25. Rxa8 Rxa8 26. Bxg7 Kxg7 27. Qc3+ Kg8 28.
Kg1 Qh4 29. Qe3 Re8 30. Nc3 Ng3 31. Rf3 Nf5 32. Qf2 Qxf2+ 33. Kxf2 Nd4 34. Rd3
Nc2 35. Nf3 Nxb4 36. Rd2 Na6 37. Ra2 Nc5 38. Ra7 b4 39. Nd1 b3 40. e5 Rb8 41.
Nb2 Bf5 42. exd6 Nd3+ 43. Nxd3 Bxd3 44. Nd2 b2 45. d7 b1=Q 46. Nxb1 Bxb1 0-1

[Event "11th UMD Open"]
[Site "Dearborn, Mich."]
[Date "1980.07.27"]
[Round "4"]
[White "Corbeil, Joe"]
[Black "Moody, David"]
[Result "0-1"]
[WhiteElo "1087"]
[BlackElo "1826"]
[PlyCount "30"]
[EventDate "1980.07.26"]

1. e4 e5 2. Nf3 Nc6 3. d4 exd4 4. Nxd4 Nf6 5. f3 Bc5 6. Be3 Qe7 7. Nf5 Qe5 8.
Bxc5 Qxc5 9. Nxg7+ Kf8 10. Nf5 d5 11. exd5 Nxd5 12. g4 Bxf5 13. gxf5 Re8+ 14.
Be2 Nd4 15. c3 Nxf3+ 0-1

[Event "U.S. Open"]
[Site "Atlanta, Ga."]
[Date "1980.08.03"]
[Round "1"]
[White "Collins, Stephen"]
[Black "Moody, David"]
[Result "0-1"]
[WhiteElo "1343"]
[BlackElo "1826"]
[PlyCount "92"]
[EventDate "1980.08.03"]

1. Nf3 Nf6 2. g3 g6 3. Bg2 Bg7 4. O-O O-O 5. d3 d6 6. Nbd2 c5 7. e4 Nc6 8. Qe2
Bd7 9. h3 Qc8 10. Kh2 Qc7 11. e5 Nh5 12. Ne4 Nxe5 13. Nxe5 Bxe5 14. f4 Bg7 15.
g4 Nf6 16. Nxf6+ Bxf6 17. c3 Bc6 18. Bxc6 bxc6 19. Rb1 Rab8 20. Be3 Rb7 21. g5
Bg7 22. Qd2 Rfb8 23. Rf2 Qa5 24. d4 Qxa2 25. Qc1 cxd4 26. b3 Qa6 27. cxd4 Rxb3
28. Rfb2 Rxb2+ 29. Rxb2 Rxb2+ 30. Qxb2 Qb6 31. Qxb6 axb6 32. Kg2 Kf8 33. Kf2
Ke8 34. Ke2 Kd7 35. Kd3 d5 36. Kc2 Kd6 37. Kb3 c5 38. dxc5+ bxc5 39. Kc2 d4 40.
Bd2 Kd5 41. Kd1 Ke4 42. Ke2 c4 43. Bb4 e6 44. Bd2 c3 45. Bc1 d3+ 46. Kd1 d2 0-1

[Event "Monday Swiss"]
[Site "Atlanta, Ga."]
[Date "1980.08.04"]
[Round "1"]
[White "Moody, David"]
[Black "Whatley, Bob"]
[Result "1/2-1/2"]
[WhiteElo "1826"]
[BlackElo "1752"]
[PlyCount "87"]
[EventDate "1980.08.04"]

1. Nc3 d5 2. e4 c6 3. d4 e6 4. e5 Bb4 5. a3 Bxc3+ 6. bxc3 Ne7 7. Nf3 Nd7 8. Bd3
f5 9. exf6 Nxf6 10. Ne5 O-O 11. Qf3 Ne4 12. Qh3 c5 13. O-O Nf6 14. Bg5 c4 15.
Bxf6 cxd3 16. Bxe7 Qxe7 17. Qxd3 Bd7 18. f4 Rac8 19. Rf3 Be8 20. Rh3 g6 21. Rf1
a6 22. Rff3 Qxa3 23. Qd2 a5 24. c4 Qa1+ 25. Rf1 Qa4 26. Rb1 b5 27. c5 b4 28.
Nf3 Qc6 29. Ng5 Rc7 30. Re1 Rf6 31. g4 Rb7 32. f5 exf5 33. gxf5 Rxf5 34. Re6
Rxg5+ 35. Qxg5 Qxe6 36. Re3 Qf7 37. Qd8 Kf8 38. c6 Ra7 39. Kg2 Kg7 40. Rxe8 a4
41. Qb8 a3 42. Qe5+ Kh6 43. Qe3+ Kg7 44. Qe5+ 1/2-1/2

[Event "U.S. Open"]
[Site "Atlanta, Ga."]
[Date "1980.08.04"]
[Round "2"]
[White "Moody, David"]
[Black "Nardandrea, John"]
[Result "1/2-1/2"]
[WhiteElo "1826"]
[BlackElo "2144"]
[PlyCount "44"]
[EventDate "1980.08.03"]

1. e4 c5 2. Nf3 Nc6 3. d4 cxd4 4. Nxd4 Nf6 5. Nc3 e5 6. Ndb5 d6 7. Nd5 Nxd5 8.
exd5 Ne7 9. c4 Ng6 10. Be3 Be7 11. Bd3 O-O 12. O-O b6 13. Rc1 f5 14. f3 a6 15.
Nc3 Bg5 16. Qd2 Bxe3+ 17. Qxe3 Nf4 18. Rf2 Bd7 19. Bf1 Qc7 20. Rfc2 Qc5 21. Kf2
Rfc8 22. b4 Qxe3+ 1/2-1/2

[Event "Monday Swiss"]
[Site "Atlanta, Ga."]
[Date "1980.08.04"]
[Round "3"]
[White "Moody, David"]
[Black "Britt, Thomas"]
[Result "0-1"]
[WhiteElo "1826"]
[BlackElo "1777"]
[PlyCount "36"]
[EventDate "1980.08.04"]

1. e4 c5 2. Nf3 Nc6 3. d4 cxd4 4. Nxd4 Nf6 5. Nc3 e5 6. Ndb5 d6 7. Nd5 Nxd5 8.
exd5 Nb8 9. c4 Be7 10. Be3 a6 11. Nc3 Bf5 12. Bd3 Bxd3 13. Qxd3 Nd7 14. b4 Rc8
15. a4 Qc7 16. Ne4 Qxc4 17. Rc1 Qxd3 18. Rxc8+ Bd8 0-1

[Event "Monday Swiss"]
[Site "Atlanta, Ga."]
[Date "1980.08.04"]
[Round "2"]
[White "Friedel, Tom"]
[Black "Moody, David"]
[Result "0-1"]
[WhiteElo "1765"]
[BlackElo "1826"]
[PlyCount "56"]
[EventDate "1980.08.04"]

1. e4 e5 2. Nf3 Nc6 3. Bb5 a6 4. Ba4 Nf6 5. O-O Be7 6. Re1 b5 7. Bb3 O-O 8. c3
d5 9. exd5 Nxd5 10. Nxe5 Nxe5 11. Rxe5 c6 12. d4 Bd6 13. Re1 Qh4 14. g3 Qh3 15.
Be3 Bg4 16. Qd3 Rae8 17. Nd2 Re6 18. a4 bxa4 19. Bxd5 cxd5 20. Qf1 Qh5 21. Rxa4
Rfe8 22. f3 Bh3 23. Qf2 f5 24. Nf1 Bxf1 25. Kxf1 Qh3+ 26. Kg1 f4 27. gxf4 Bxf4
28. Bd2 Rxe1+ 0-1

[Event "Tuesday 30-30"]
[Site "Atlanta, Ga."]
[Date "1980.08.05"]
[Round "1"]
[White "Shields, Phil"]
[Black "Moody, David"]
[Result "0-1"]
[WhiteElo "1642"]
[BlackElo "1826"]
[PlyCount "28"]
[EventDate "1980.08.05"]

1. e4 e5 2. f4 Qh4+ 3. g3 Qe7 4. Nf3 exf4 5. Nc3 fxg3 6. d4 d5 7. e5 c6 8. Bf4
gxh2 9. Qd3 Be6 10. O-O-O Qc7 11. b4 Bxb4 12. Na4 Qa5 13. Qb3 b5 14. Nc5 Qa3+
0-1

[Event "Tuesday 30-30"]
[Site "Atlanta, Ga."]
[Date "1980.08.05"]
[Round "2"]
[White "Moody, David"]
[Black "Bellezza, Richard"]
[Result "1-0"]
[WhiteElo "1826"]
[BlackElo "1746"]
[PlyCount "41"]
[EventDate "1980.08.05"]

1. Nc3 g6 2. e4 Bg7 3. d4 d6 4. Nf3 Nf6 5. Bg5 O-O 6. Qd2 c5 7. d5 Na6 8. O-O-O
Nc7 9. Bh6 a6 10. h4 b5 11. h5 b4 12. hxg6 fxg6 13. Bxg7 Kxg7 14. Qh6+ Kf7 15.
Ng5+ Ke8 16. Nxh7 Nxh7 17. Qxg6+ Kd7 18. Rxh7 bxc3 19. e5 cxb2+ 20. Kb1 Qe8 21.
Qxd6# 1-0

[Event "U.S. Open"]
[Site "Atlanta, Ga."]
[Date "1980.08.05"]
[Round "3"]
[White "Hudson, John"]
[Black "Moody, David"]
[Result "1-0"]
[WhiteElo "2149"]
[BlackElo "1826"]
[PlyCount "43"]
[EventDate "1980.08.03"]

1. f4 e5 2. fxe5 d6 3. exd6 Bxd6 4. Nf3 g5 5. g3 g4 6. Nh4 Ne7 7. d4 Ng6 8.
Nxg6 hxg6 9. Qd3 Nc6 10. c3 Bf5 11. Qe3+ Ne7 12. Bg2 c6 13. Nd2 Qd7 14. Nc4
O-O-O 15. Nxd6+ Qxd6 16. Qf2 Nd5 17. Bd2 Rde8 18. O-O-O Qe6 19. Rde1 Ne3 20. d5
Nxd5 21. e4 Nb4 22. cxb4 1-0

[Event "Tuesday 30-30"]
[Site "Atlanta, Ga."]
[Date "1980.08.05"]
[Round "3"]
[White "Ardaman, Miles"]
[Black "Moody, David"]
[Result "1/2-1/2"]
[WhiteElo "2037"]
[BlackElo "1826"]
[PlyCount "108"]
[EventDate "1980.08.05"]

1. e4 e5 2. Nf3 Nc6 3. d4 exd4 4. c3 dxc3 5. Nxc3 Bc5 6. Bc4 Nf6 7. Bg5 O-O 8.
O-O h6 9. Bh4 g5 10. Nxg5 hxg5 11. Bxg5 Be7 12. f4 d6 13. Qe1 Ng4 14. Nd5 Bxg5
15. fxg5 Qxg5 16. Qg3 Qe5 17. Rf4 Qg7 18. Raf1 Nce5 19. Ne7+ Kh8 20. Nf5 Qh7
21. Be2 Qxh2+ 22. Qxh2+ Nxh2 23. Rh4+ Kg8 24. Ne7+ Kg7 25. Kxh2 Rh8 26. Rxh8
Kxh8 27. Nd5 c6 28. Ne3 Be6 29. b3 Rg8 30. Rf4 Rg7 31. g3 Kg8 32. Kg2 Kf8 33.
Rh4 Ng6 34. Rh1 Nf4+ 35. Kf2 Nxe2 36. Rh8+ Rg8 37. Rxg8+ Kxg8 38. Kxe2 Kg7 39.
Kf3 Kf6 40. Kf4 a5 41. Nc2 c5 42. Na3 a4 43. bxa4 Bxa2 44. Nb5 Ke6 45. a5 Kd7
46. e5 dxe5+ 47. Kxe5 Kc6 48. Na7+ Kd7 49. Nb5 Be6 50. g4 Bxg4 51. Nd6 Kc6 52.
Nxf7 Kb5 53. Nd6+ Ka6 54. Kd5 Kxa5 1/2-1/2

[Event "U.S. Open"]
[Site "Atlanta, Ga."]
[Date "1980.08.06"]
[Round "4"]
[White "Moody, David"]
[Black "Rachels, James"]
[Result "1-0"]
[WhiteElo "1826"]
[BlackElo "1665"]
[PlyCount "57"]
[EventDate "1980.08.03"]

1. e4 c6 2. d4 d5 3. Nc3 dxe4 4. Nxe4 Nf6 5. Nxf6+ gxf6 6. Nf3 Bg4 7. Be2 Qc7
8. Be3 e6 9. Qd2 Nd7 10. O-O-O O-O-O 11. c4 Nb6 12. b3 Bf5 13. Bd3 Ba3+ 14. Kc2
Bg6 15. Bxg6 fxg6 16. Qa5 Qe7 17. c5 Bxc5 18. dxc5 Nd5 19. Qxa7 Kc7 20. Qa5+
Kd7 21. Bf4 e5 22. Rhe1 Ra8 23. Rxd5+ cxd5 24. Qb5+ Kc8 25. a4 Qc7 26. Nxe5 Qe7
27. Nc4 Qxe1 28. Nb6+ Kd8 29. Qd7# 1-0

[Event "Wednesday Quad"]
[Site "Atlanta, Ga."]
[Date "1980.08.06"]
[Round "3"]
[White "Moody, David"]
[Black "Kress, Roy"]
[Result "0-1"]
[WhiteElo "1826"]
[BlackElo "1850"]
[PlyCount "56"]
[EventDate "1980.08.06"]

1. e4 c6 2. d4 d5 3. Nc3 dxe4 4. Nxe4 Bf5 5. Ng3 Bg6 6. h4 h6 7. Nf3 Nd7 8. h5
Bh7 9. Bd3 Bxd3 10. Qxd3 e6 11. Bf4 Ngf6 12. O-O-O Nd5 13. Bd2 Qc7 14. c4 Nf4
15. Bxf4 Qxf4+ 16. Kb1 O-O-O 17. Qc3 Kb8 18. Rh4 Qc7 19. d5 cxd5 20. cxd5 Qxc3
21. bxc3 Be7 22. Rf4 Nf6 23. Kc2 Bd6 24. Rfd4 Bxg3 25. fxg3 Rxd5 26. Rxd5 Nxd5
27. Rd3 Rc8 28. Ne5 Nb4+ 0-1

[Event "Wednesday Quad"]
[Site "Atlanta, Ga."]
[Date "1980.08.06"]
[Round "1"]
[White "Moody, David"]
[Black "Britt, Thomas"]
[Result "0-1"]
[WhiteElo "1826"]
[BlackElo "1777"]
[PlyCount "74"]
[EventDate "1980.08.06"]

1. Nc3 g6 2. e4 Bg7 3. d4 d6 4. Nf3 Nd7 5. Bc4 c6 6. e5 d5 7. Bb3 e6 8. Ne2 b6
9. c3 Ne7 10. Be3 Ba6 11. O-O h6 12. Re1 Qc7 13. Rc1 b5 14. Ng3 Rc8 15. h3 Qb8
16. a3 Rc7 17. Qd2 Nf8 18. Nh2 Nf5 19. Ne2 Qd8 20. Nf3 Bb7 21. Bc2 Qe7 22. Ra1
a6 23. b4 Nd7 24. Bd3 Kd8 25. Nc1 Nh4 26. Nxh4 Qxh4 27. Nb3 g5 28. f3 Bf8 29.
Bf2 Qf4 30. Qe2 g4 31. fxg4 Qg5 32. Nc5 Nxc5 33. bxc5 Be7 34. a4 Rg8 35. axb5
cxb5 36. Ra5 h5 37. Be3 Qg7 0-1

[Event "Wednesday Quad"]
[Site "Atlanta, Ga."]
[Date "1980.08.06"]
[Round "2"]
[White "Herrstrom, Tony"]
[Black "Moody, David"]
[Result "1-0"]
[WhiteElo "1965"]
[BlackElo "1826"]
[PlyCount "51"]
[EventDate "1980.08.06"]

1. e4 e5 2. Nf3 Nc6 3. d4 exd4 4. Nxd4 Nf6 5. Nxc6 bxc6 6. Bd3 d5 7. Nd2 Bc5 8.
O-O O-O 9. e5 Ng4 10. h3 Nxe5 11. Bxh7+ Kxh7 12. Qh5+ Kg8 13. Qxe5 Ba6 14. c4
Qh4 15. Qxc7 Rae8 16. Nf3 Qxc4 17. Bd2 Re2 18. Qg3 Qc2 19. Rac1 Rxd2 20. Rxc2
Rxc2 21. Ne1 Rxb2 22. Nd3 Rxa2 23. Nxc5 Bxf1 24. Nd7 Rd8 25. Nf6+ Kf8 26. Qc7
1-0

[Event "U.S. Open"]
[Site "Atlanta, Ga."]
[Date "1980.08.07"]
[Round "5"]
[White "Moody, David"]
[Black "Carrasco, Paul"]
[Result "0-1"]
[WhiteElo "1826"]
[BlackElo "2041"]
[PlyCount "64"]
[EventDate "1980.08.03"]

1. d4 Nf6 2. c4 e6 3. Nf3 d5 4. Nc3 c6 5. cxd5 exd5 6. Bg5 Be7 7. e3 O-O 8. Bd3
Nbd7 9. O-O Ne4 10. Bxe7 Qxe7 11. Qc2 f5 12. Rab1 Rf6 13. b4 Rh6 14. Rfc1 g5
15. Bxe4 fxe4 16. Nd2 Nf8 17. Ne2 Qf7 18. Ng3 Rf6 19. Ndf1 h5 20. Qe2 Bg4 21.
Qe1 h4 22. Ne2 Nh7 23. Rc2 Rf8 24. Nc3 Bd7 25. Rbb2 g4 26. Nd1 Ng5 27. Qe2 Qg7
28. a4 Nf3+ 29. Kh1 g3 30. h3 Bxh3 31. Nd2 Bxg2+ 32. Kxg2 gxf2+ 0-1

[Event "U.S. Open"]
[Site "Atlanta, Ga."]
[Date "1980.08.08"]
[Round "6"]
[White "Saucer, George"]
[Black "Moody, David"]
[Result "1-0"]
[WhiteElo "1634"]
[BlackElo "1826"]
[PlyCount "49"]
[EventDate "1980.08.03"]

1. Nf3 Nf6 2. g3 g6 3. Bg2 Bg7 4. O-O O-O 5. d3 d6 6. e4 c5 7. Nc3 Nc6 8. h3
Bd7 9. Be3 a6 10. Qd2 e6 11. e5 Nxe5 12. Nxe5 dxe5 13. Bxc5 Qc7 14. Bxf8 Rxf8
15. a4 Nh5 16. Ne4 h6 17. Qc3 Qd8 18. Qb4 f5 19. Nc5 f4 20. g4 a5 21. Qxb7 f3
22. Qxd7 fxg2 23. Qxd8 gxf1=Q+ 24. Kxf1 Rxd8 25. gxh5 1-0

[Event "Saturday Quad"]
[Site "Atlanta, Ga."]
[Date "1980.08.09"]
[Round "3"]
[White "Whatley, Bob"]
[Black "Moody, David"]
[Result "0-1"]
[WhiteElo "1752"]
[BlackElo "1826"]
[PlyCount "68"]
[EventDate "1980.08.09"]

1. d4 Nf6 2. c4 c5 3. d5 e6 4. Nc3 exd5 5. cxd5 d6 6. e4 g6 7. Bd3 Bg7 8. Bg5
O-O 9. Nf3 Bg4 10. h3 Bxf3 11. Qxf3 Nbd7 12. Qe2 a6 13. a4 Re8 14. O-O Qc7 15.
Bc2 Nb6 16. Qd3 c4 17. Qd2 Nbd7 18. f4 b5 19. Rae1 b4 20. Nd1 a5 21. Bh4 Nc5
22. e5 Nfd7 23. e6 fxe6 24. dxe6 Nxe6 25. f5 gxf5 26. Bxf5 Nd4 27. Qg5 Nxf5 28.
Qxf5 Qc5+ 29. Qxc5 Nxc5 30. Re7 Rxe7 31. Bxe7 Nxa4 32. Bxd6 Nxb2 33. Bc5 Nxd1
34. Rxd1 b3 0-1

[Event "Saturday Quad"]
[Site "Atlanta, Ga."]
[Date "1980.08.09"]
[Round "2"]
[White "Moody, David"]
[Black "Herrstrom, Tony"]
[Result "1-0"]
[WhiteElo "1826"]
[BlackElo "1965"]
[PlyCount "53"]
[EventDate "1980.08.09"]

1. Nc3 d5 2. e4 e6 3. d4 Nf6 4. Bg5 Bb4 5. e5 h6 6. Bd2 Bxc3 7. bxc3 Ne4 8. Qg4
g6 9. Bd3 Nxd2 10. Kxd2 c5 11. h4 Nc6 12. Rh3 Qe7 13. Rf3 Rg8 14. Nh3 Bd7 15.
Rf6 O-O-O 16. Qf4 Be8 17. Rb1 Qc7 18. Qxh6 Qa5 19. Qh7 Bd7 20. Rxf7 Rh8 21. Qg7
Rdg8 22. Qf6 cxd4 23. Rxd7 dxc3+ 24. Kd1 Kxd7 25. Qf7+ Kd8 26. Rxb7 Nxe5 27.
Rb8# 1-0

[Event "Saturday Quad"]
[Site "Atlanta, Ga."]
[Date "1980.08.09"]
[Round "1"]
[White "Israel, Daniel"]
[Black "Moody, David"]
[Result "1/2-1/2"]
[WhiteElo "1859"]
[BlackElo "1826"]
[PlyCount "62"]
[EventDate "1980.08.09"]

1. e4 e5 2. Nf3 Nc6 3. Bb5 a6 4. Bxc6 dxc6 5. d4 exd4 6. Qxd4 Qxd4 7. Nxd4 Bd7
8. Be3 O-O-O 9. Nd2 Bd6 10. O-O-O Ne7 11. Rhe1 f6 12. Ne2 Ng6 13. Nc4 Be6 14.
Nxd6+ cxd6 15. Bf4 Nxf4 16. Nxf4 Bf7 17. b3 Rhe8 18. c4 b5 19. cxb5 axb5 20. f3
Kc7 21. Rd2 d5 22. Red1 dxe4 23. Rxd8 Rxd8 24. Rxd8 Kxd8 25. fxe4 Ke7 26. Kd2
Kd6 27. Ke3 c5 28. Ne2 c4 29. b4 Kc6 30. Nc3 Be6 31. Kd4 Bf7 1/2-1/2

[Event "Sunday 30-30"]
[Site "Atlanta, Ga."]
[Date "1980.08.10"]
[Round "1"]
[White "Moody, David"]
[Black "Sczekan, Steve"]
[Result "1-0"]
[WhiteElo "1826"]
[BlackElo "1396"]
[PlyCount "49"]
[EventDate "1980.08.10"]

1. Nc3 e5 2. e4 Nf6 3. Bc4 g6 4. d3 Bg7 5. Bg5 O-O 6. Qd2 Nc6 7. h4 h5 8. Nd5
d6 9. Nxf6+ Bxf6 10. Nf3 Na5 11. Qxa5 Bxg5 12. Nxg5 b6 13. Qd5 Qe7 14. Qxa8 Bh3
15. Qd5 Be6 16. Nxe6 fxe6 17. Qxe6+ Qxe6 18. Bxe6+ Kg7 19. O-O Kh6 20. g3 g5
21. hxg5+ Kxg5 22. f4+ exf4 23. Rxf4 Rxf4 24. gxf4+ Kxf4 25. Rf1+ 1-0